| 000 | 00654nam a2200253Ia 4500 | ||
|---|---|---|---|
| 003 | OSt | ||
| 005 | 20221007100538.0 | ||
| 006 | a|||||r|||| 00| 0 | ||
| 007 | ta | ||
| 008 | 221006b |||||||| |||| 00| 0 eng d | ||
| 024 | _a4,591 | ||
| 037 | _cTextual | ||
| 040 |
_aLCO _cLCO _beng |
||
| 041 |
_2eng _aeng |
||
| 082 | _aV8:2.(Z), M0 | ||
| 100 |
_aHANKS Peter _9698418 |
||
| 245 | 0 | _aAustralian constitutional laws | |
| 250 | _a2 | ||
| 260 |
_aSydney _bButterworths _c1980 |
||
| 300 | _a724 | ||
| 650 |
_aAUSTRALIAN CONSTITUTIONAL LAW _9701829 |
||
| 942 |
_hV8:2.(Z), M0 _cTEXL |
||
| 999 |
_c1174154 _d1174154 |
||